| 000 | 01038nam a2200241 a 4500 | ||
|---|---|---|---|
| 001 | 000041547 | ||
| 005 | 20201002035631.0 | ||
| 008 | 131009s1992 sp 000 0 spa d | ||
| 020 | _a8400072723 | ||
| 040 |
_aDO-SdBNP _bspa _cBNPHU |
||
| 082 |
_axxxx _bxxxx |
||
| 100 | 1 |
_aIbn Zuhr, Abd al-Malik b. Abi l-Ala³ _968284 |
|
| 240 | 1 | 0 |
_aKitab al-agdiya _lEspañol-Árabe |
| 245 | 1 | 0 |
_aKitâb al-agdiya (tratado de lo alimentos) / _cAbu Marwan 'Abd al-Malik b. Zuhr ; edición, traducción e introducción por Expiración García Sánchez. |
| 260 |
_aMadrid : _bConsejo Superior de Investigaciones Científicas _bInstituto de Cooperación con el Mundo Árabe, _c1992. |
||
| 300 |
_a196, 185 p. ; _c24 cm. |
||
| 490 | 1 |
_aFuentes arábico-hispanas _v4 |
|
| 500 | _aTexto en árabe y traducción en español | ||
| 500 | _aIncluye referencias bibliográficas y notas al pie de las páginas | ||
| 504 | _aBibliografía : p. 157-169 | ||
| 700 | 1 | 2 |
_aGarcía Sánchez, Expiración _eed. _968285 |
| 830 | 0 |
_aFuentes arábico-hispanas ; _n4 _968286 |
|
| 999 |
_c41037 _d41037 |
||